000 00710nam a2200217Ia 4500
999 _c32756
_d32756
003 GCL
005 20240530102514.0
008 140319s9999 xx 000 0 ara d
040 _aGCL /
_cGCL
082 0 4 _a174.4
_bف ا
100 1 _aفيبر ، ماكس
245 1 0 _aالاخلاق البروتستانتية وروح الراسمالية /
_cماكس فيبر
260 _a[S.N] :
_bمركز الانماء القومى
300 _a198 ص
650 0 4 _aالاخلاق
650 0 4 _aالاخلاق الاجتماعية
650 0 4 _aالاخلاق الاشتراكية
700 1 _aجورج ابى صالح (مراجع)
700 1 _aمحمد على مقلد (مترجم)
942 _2ddc
_cBK